000 01454nam a22003250a 4500
001 PT2637
003 AR-LpoUNG
005 20210131230538.0
008 191001s1993||||sp |||||||||||||||||spa d
020 _a8474329497
_c$5.63
040 _aAR-LpoUNG
_bspa
_cAR-LpoUNG
_eaacr
041 _aspa
044 _asp
082 0 _a501 777n
100 1 _aDrexler, K. Eric
245 1 3 _aLa nanotecnología :
_bel surgimiento de las máquinas de creación
260 _aBarcelona :
_bGedisa,
_c1993.
300 _a367 p. :
_bil.
520 _aLos principales investigadores y expertos en tecnología avanzada esta de acuerdo en que la nanotecnología constituirá la auténtica revolución del próximo siglo. Ademas de propiciar (en estrecha colaboración con la pujante ingenieria genética) avances médicos que podrían calificarse como definitivos (incluídos el hasta ahora utópico triunfo sobre le envejecimiento y la muerte), la nanotecnología dará, en un futuro inmediato, un impulso espectacular a la conquista del espacio y a la informática, sobre todo a su rama mas audaz y contorvertida: la llamada inteligencia artificial.
650 4 _aCIENCIA Y TECNOLOGIA
650 4 _aDIVULGACION CIENTIFICA
650 4 _aGENETICA
650 4 _aGENETICA HUMANA
650 4 _aINTELIGENCIA
650 4 _aINTELIGENCIA ARTIFICIAL
650 4 _aTECNOLOGIA
651 4 _aDOCUMENTOS TEORICOS O METODOLOGICOS
905 _a2637
942 _cLIB
999 _c4434
_d4434